000 00477cam a2200181ua 4500
020 _a81 7024 001 8
_c175.00
041 _aeng
_h
082 _a630.56
_bPAR/OP
100 _aParkash , Mehta .
245 _aOperations research in agriculture /
_cParkash mehta.
_hTextual Documents
250 _a1 /
_b.
260 _aNew Delhi :
_bAshish Publishing House ,
_c1985.
300 _a258 ; .
365 _a175.00
504 _a
942 _cBK
999 _c7358
_d7358